000
00284nam a22001337a 4500
020
_a
81-7826-018-2
082
_a
001
_b
ROH/W
245
_a
EDWARD JENNER
250
_a
FIRST
260
_a
DELHI
_b
ROHAN BOOK
_c
2004
300
_a
24
650
_a
ABOUT EDWARD JENNER
_z
DELHI
942
_c
BK
999
_c
6742
_d
6742